Loading...
| History - European History | 0 | 4 | 0 | 2 | 40 | 110 | 120.50 | 0 | 0 |
| Geography/Current Events | 0 | 3 | 0 | 0 | 30 | 30 | 66.33 | 1 | 3 |
| Mythology | 0 | 2 | 0 | 0 | 20 | 30 | 61.00 | 1 | 1 |
| History - American History | 0 | 2 | 0 | 1 | 20 | 120 | 125.00 | 0 | 0 |
| Science - Physics | 0 | 2 | 1 | 0 | 15 | 71 | 74.00 | 0 | 0 |
| Science - Other Science | 0 | 2 | 1 | 0 | 15 | 99 | 110.50 | 0 | 0 |
| History - World History | 0 | 1 | 0 | 0 | 10 | 105 | 105.00 | 0 | 0 |
| Religion | 0 | 1 | 0 | 1 | 10 | 136 | 136.00 | 0 | 0 |
| Science - Chemistry | 0 | 1 | 0 | 0 | 10 | 116 | 116.00 | 0 | 1 |
| Literature - European Literature | 0 | 1 | 0 | 1 | 10 | 118 | 118.00 | 0 | 0 |
| History - Other History | 0 | 0 | 1 | 0 | -5 | 0.00 | 0 | 0 |